Đang tải...

Vazha-Vol.III

Chi tiết về thư mục
Tác giả chính: Sreekumar K M Joy M
Định dạng: Printed Book
Được phát hành: Thrissur KAU 2007
LEADER 00381nam a22001217a 4500
082 |a 635 SRE/VA 
100 |a Sreekumar K M  |a Joy M 
245 |a Vazha-Vol.III 
260 |a Thrissur  |b KAU  |c 2007 
300 |a 54 
942 |c REF 
999 |c 165490  |d 165490 
952 |0 0  |1 0  |2 ddc  |4 0  |6 635_000000000000000_SRE_VA  |7 0  |9 167553  |a KAUCOAP  |b KAUCOAP  |d 2016-03-01  |o 635 SRE/VA  |p KAU_COAPC00292  |r 2016-03-01  |w 2016-03-01  |y REF